BIBLIOTECA

SENCICO

Arquitectura biodigital : (Registro nro. 5087)

Detalles MARC
000 -LEADER
fixed length control field 01895nam a22002657a 4500
003 - CONTROL NUMBER IDENTIFIER
control field PE SENCICO BE
005 - DATE AND TIME OF LATEST TRANSACTION
control field 20251020182711.0
008 - FIXED-LENGTH DATA ELEMENTS--GENERAL INFORMATION
fixed length control field 250205b |||||||| |||| 00| 0 eng d
020 ## - INTERNATIONAL STANDARD BOOK NUMBER
International Standard Book Number 978-958-792-128-1
040 ## - CATALOGING SOURCE
Original cataloging agency PE SENCICO BE
Transcribing agency PE SENCICO BE
041 ## - LANGUAGE CODE
Language code of text/sound track or separate title spa
082 ## - DEWEY DECIMAL CLASSIFICATION NUMBER
Classification number 720.28
Item number F81
100 1# - MAIN ENTRY--PERSONAL NAME
9 (RLIN) 2911
Personal name Fraile, Marcelo Alejandro
Relator term autor
245 1# - TITLE STATEMENT
Title Arquitectura biodigital :
Remainder of title hacia un nuevo paradigma en la arquitectura contemporánea /
Statement of responsibility, etc. Marcelo Alejandro Fraile
260 ## - PUBLICATION, DISTRIBUTION, ETC.
Place of publication, distribution, etc. Bogotá :
Name of publisher, distributor, etc. Ediciones de la U ;
Date of publication, distribution, etc. 2020
300 ## - PHYSICAL DESCRIPTION
Extent 373 páginas :
Other physical details ilustraciones ;
Dimensions 28 cm.
440 ## - SERIES STATEMENT/ADDED ENTRY--TITLE
9 (RLIN) 793
Title Arquitectura
505 0# - FORMATTED CONTENTS NOTE
Formatted contents note Parte 1: Presentación del problema. Un acercamiento al problema -- Estableciendo el marco teórico de acción -- Parte 2: Algunas ideas de paradigmas y sus ciclos. Los paradigmas y sus ciclos. Los paradigmas en la historia -- La etapa pretórica -- El paradigma clásico -- El paradigma mecánico -- Parte 3: El punto de inflexión. El estado de crisis según Kuhn -- Anomalía 1. Globalización. Juntos pero divididos -- Anomalía 2. Las nuevas herramientas digitales de representación -- Anomalía 3. La materialidad: Prefabricación a la carta -- Anomalía 4. La ecología: cuando todo es verde -- Anomalía 6. Los metadiseñadores -- Anomalía 7. El diseño paramétrico -- Un ejemplo. Ocho anomalías: El Museo Guggenheim de Bilbao -- Parte 4. El nuevo paradigma biológico digital. El génesis biológico -- El modelo biológico -- El modelo biológico digital -- Morfogenésis digital en arquitectura -- Arquitectura biodagmática -- Arquitectura bioalgoritmica -- Arquitectura bionimética -- Arquitectura genética.
650 10 - SUBJECT ADDED ENTRY--TOPICAL TERM
9 (RLIN) 49
Topical term or geographic name entry element Arquitectura
650 20 - SUBJECT ADDED ENTRY--TOPICAL TERM
9 (RLIN) 472
Topical term or geographic name entry element Arquitectura contemporánea
650 20 - SUBJECT ADDED ENTRY--TOPICAL TERM
9 (RLIN) 670
Topical term or geographic name entry element Teoría de la arquitectura
650 20 - SUBJECT ADDED ENTRY--TOPICAL TERM
9 (RLIN) 1424
Topical term or geographic name entry element Arquitectura estética
910 ## - USER-OPTION DATA (OCLC)
User-option data hfp
-- hfp
-- hfp
942 ## - ADDED ENTRY ELEMENTS (KOHA)
Source of classification or shelving scheme Dewey Decimal Classification
Koha item type Libros
Existencias
Fecha de la última vez que lo usaron Pago total Signatura topográfica completa Código de barras Precio efectivo desde Tipo de documento Estado perdido Sistema de clasificación Estado dañado No es para préstamo Retirado Ubicación permanente Ubicación actual Fecha de adquisición Fuente de adquisición
05/02/2025   720.28/F81 BibLima25020001 05/02/2025 Libros   Dewey Decimal Classification       Biblioteca Central Lima Biblioteca Central Lima 05/12/2024 Comprado de la librería San Cristóbal